| 000 | 01246cam a22003497a 4500 | ||
|---|---|---|---|
| 003 | CHAP | ||
| 005 | 20220329142409.0 | ||
| 008 | 001116d2000 mx a r 00110 spa d | ||
| 010 | _a82863 | ||
| 011 | _a83835 | ||
| 035 | _a94352 | ||
| 040 | _cCHAP | ||
| 090 | _aTesis | ||
| 100 | 0 | 0 |
_aJiménez Ruiz, Jorge Alberto. _961639 |
| 245 | 1 | 0 |
_aEstudio de prospección geoeléctrica resistiva en el Valle de Cuyoaco, Puebla _c/por Jorge Alberto Jiménez Ruiz y Juan Juárez Ortiz |
| 260 |
_aChapingo, Méx. : _bEl autor, _c2000. |
||
| 300 |
_a137 h. : _bilus. ; mapa ; gráfs. ; cuadros |
||
| 502 | _aTesis (Ing. en Irrigación) -- UACH. Departamento de Irrigación | ||
| 590 |
_aALEPH _b10 _c20130110 _lUCH01 _h1439 |
||
| 590 |
_aBATCH-UPD _b10 _c20130110 _lUCH01 _h0553 |
||
| 590 |
_aBATCH-UPD _b10 _c20130410 _lUCH01 _h0235 |
||
| 590 |
_aBATCH-UPD _b10 _c20130914 _lUCH01 _h1614 |
||
| 590 |
_aCONVERSION _b10 _c20130109 _lUCH01 _h1346 |
||
| 650 | 1 | 4 |
_aAgua subterranea _xPuebla. _92455 |
| 650 | 1 | 4 |
_aHidrogeología. _955236 |
| 700 | 0 |
_aJuárez Ortiz, Juan. _962467 |
|
| 901 | _aBK | ||
| 905 | _aLilia Sánchez G. | ||
| 942 | _cFOLL | ||
| 949 |
_bBC _cTES _d33724000803821 _eTS2 _fc.2 _h37446 _i94352 _si |
||
| 949 |
_bBC _cTES _d943521 _eTS1 _h37445 _i94352 _sb |
||
| 999 |
_c82863 _d82863 |
||